[Event "Wch Juvenil 2013 sub-14"]
[Site "Al-Ain UAE"]
[Date "2013.12.21"]
[Round "4.31"]
[White "Acsinte, Matei-Ionut"]
[Black "Catur, Adi Sagita"]
[Result "1-0"]
[WhiteElo "2094"]
[BlackElo "1879"]
[PlyCount "81"]
[EventDate "2013.12.19"]
[EventType "swiss"]
[EventRounds "11"]
[EventCountry "UAE"]
[Source "lmi"]
[SourceDate "2013.12.19"]

1. d4 Nf6 2. c4 g6 3. Nc3 d5 4. Bg5 dxc4 5. e4 Bg7 6. Bxc4 O-O 7. Nge2 h6 8.
Bf4 c6 9. f3 b5 10. Bd3 a6 11. Qd2 Kh7 12. e5 Nd5 13. Nxd5 cxd5 14. h4 f5 15.
exf6 exf6 16. h5 f5 17. hxg6+ Kxg6 18. O-O-O Rh8 19. g4 Kf7 20. Bxh6 Bf6 21. g5
Be7 22. Rhg1 Rg8 23. Kb1 Nc6 24. Rg2 Bd6 25. Rdg1 Rg6 26. Nf4 Bxf4 27. Qxf4 Ne7
28. Re2 Be6 29. Rge1 Qd7 30. Bxf5 Nxf5 31. Rxe6 Rxe6 32. Qxf5+ Ke7 33. Qf6+ Kd6
34. Bf8+ Rxf8 35. Qxf8+ Kc7 36. Rc1+ Rc6 37. Re1 Qh7+ 38. Ka1 Qc2 39. Re7+ Kb6
40. Qd8+ Rc7 41. Qxc7+ 1-0

[Event "Wch Juvenil 2013 sub-14"]
[Site "Al-Ain UAE"]
[Date "2013.12.21"]
[Round "4.32"]
[White "Nguyen, Dang Hong Phuc"]
[Black "Muthaiah, Al"]
[Result "1/2-1/2"]
[WhiteElo "1882"]
[BlackElo "2092"]
[PlyCount "101"]
[EventDate "2013.12.19"]
[EventType "swiss"]
[EventRounds "11"]
[EventCountry "UAE"]
[Source "lmi"]
[SourceDate "2013.12.19"]

1. d4 d5 2. Nf3 Nf6 3. c4 e6 4. g3 Be7 5. Bg2 O-O 6. O-O dxc4 7. Qc2 a6 8. Qxc4
b5 9. Qc2 Bb7 10. Bg5 Nbd7 11. Nbd2 Rc8 12. Bxf6 Nxf6 13. Nb3 Be4 14. Qd2 c5
15. dxc5 Bxc5 16. Rac1 Bb6 17. Rfd1 Qe7 18. e3 Qb7 19. Ne1 Bxg2 20. Nxg2 Ng4
21. Ne1 Ne5 22. Qe2 Nc4 23. Nd4 Bxd4 24. Rxd4 e5 25. Rdd1 e4 26. Rc2 g6 27. b3
Ne5 28. Rcd2 Rc5 29. Kg2 Kg7 30. h3 Rfc8 31. Rd8 R8c6 32. R8d5 Rxd5 33. Rxd5
Re6 34. Rc5 Nd3 35. Nxd3 exd3+ 36. Qf3 Qd7 37. Rd5 Rd6 38. e4 Rxd5 39. exd5 Qf5
40. Qxf5 gxf5 41. Kf3 Kf6 42. Ke3 Ke5 43. Kxd3 Kxd5 44. b4 Ke5 45. Ke3 f4+ 46.
gxf4+ Kd5 47. Kd3 h6 48. h4 h5 49. f3 f6 50. Kc3 Ke6 51. Kd4 1/2-1/2

[Event "Wch Juvenil 2013 sub-14"]
[Site "Al-Ain UAE"]
[Date "2013.12.21"]
[Round "4.33"]
[White "Visveshwar, A."]
[Black "Shahaliyev, Ismayil Bahram"]
[Result "0-1"]
[WhiteElo "1870"]
[BlackElo "2091"]
[PlyCount "72"]
[EventDate "2013.12.19"]
[EventType "swiss"]
[EventRounds "11"]
[EventCountry "UAE"]
[Source "lmi"]
[SourceDate "2013.12.19"]

1. e4 c5 2. f4 d5 3. exd5 Qxd5 4. Nc3 Qd8 5. Nf3 Nf6 6. Bc4 e6 7. O-O Be7 8. d3
O-O 9. Ne5 Nbd7 10. Nxd7 Bxd7 11. Be3 Bc6 12. f5 Nd5 13. Bxd5 exd5 14. Qg4 h5
15. Qxh5 d4 16. Ne4 Bxe4 17. dxe4 dxe3 18. Rf3 f6 19. Rh3 Bd6 20. Qh7+ Kf7 21.
Qg6+ Ke7 22. Rxe3 Rf7 23. Rd3 Qb6 24. c4 Be5 25. Rd7+ Kxd7 26. Qxf7+ Kc8 27.
Qf8+ Qd8 28. Qxc5+ Kb8 29. Kh1 Qd6 30. Qb5 a6 31. Qb3 Bxh2 32. Rd1 Qc7 33. c5
Be5 34. Rc1 Ka7 35. c6 Rh8+ 36. Kg1 Bd4+ 0-1

[Event "Wch Juvenil 2013 sub-14"]
[Site "Al-Ain UAE"]
[Date "2013.12.21"]
[Round "4.34"]
[White "Puccini, Jack"]
[Black "Kovalevsky, Stanislav"]
[Result "1-0"]
[WhiteElo "2073"]
[BlackElo "1856"]
[PlyCount "115"]
[EventDate "2013.12.19"]
[EventType "swiss"]
[EventRounds "11"]
[EventCountry "UAE"]
[Source "lmi"]
[SourceDate "2013.12.19"]

1. Nf3 d5 2. c4 c6 3. b3 Nf6 4. g3 e6 5. Bg2 Nbd7 6. O-O Bd6 7. Bb2 O-O 8. d3
e5 9. cxd5 cxd5 10. Nc3 Re8 11. Nd2 Nb6 12. a4 Be6 13. a5 Nbd7 14. Nb5 Bb4 15.
Bc3 Bxc3 16. Nxc3 a6 17. b4 Rc8 18. Na4 Qe7 19. Rb1 Rc7 20. Qe1 Rec8 21. Nb3
Qd6 22. Nbc5 Nxc5 23. bxc5 Qc6 24. Qb4 Nd7 25. Rfc1 Qd6 26. Rc2 Qe7 27. Rbc1
Nb8 28. Nb6 Rd8 29. Qb3 Nc6 30. e3 Nxa5 31. Qa4 Nc6 32. Qa3 d4 33. e4 Qe8 34.
Nd5 Rcc8 35. Nb6 Rb8 36. f4 f6 37. f5 Bf7 38. Bf3 Na7 39. Nd5 Nb5 40. Qb4 Kh8
41. g4 Rdc8 42. Nb6 Rc6 43. Nd5 Qf8 44. h4 Rbc8 45. g5 Bg8 46. g6 hxg6 47. fxg6
f5 48. Rg2 Bxd5 49. exd5 Rxc5 50. Rf1 Nd6 51. Qd2 Qf6 52. Bd1 f4 53. Qe2 Nf5
54. Rg5 Ne3 55. d6 Qxd6 56. Bb3 Nd5 57. Qh5+ Kg8 58. Rf5 1-0

[Event "Wch Juvenil 2013 sub-14"]
[Site "Al-Ain UAE"]
[Date "2013.12.21"]
[Round "4.35"]
[White "Doluweera, Minul Sanjula"]
[Black "Mohammad, Fahim"]
[Result "1/2-1/2"]
[WhiteElo "1857"]
[BlackElo "2059"]
[PlyCount "87"]
[EventDate "2013.12.19"]
[EventType "swiss"]
[EventRounds "11"]
[EventCountry "UAE"]
[Source "lmi"]
[SourceDate "2013.12.19"]

1. c4 c5 2. Nc3 Nf6 3. g3 d5 4. cxd5 Nxd5 5. Bg2 Nc7 6. Nf3 Nc6 7. O-O e5 8. d3
Be7 9. Nd2 Bd7 10. Nc4 f6 11. f4 O-O 12. fxe5 fxe5 13. Bxc6 Bxc6 14. Rxf8+ Bxf8
15. Be3 Nd5 16. Bf2 Nxc3 17. bxc3 Qd5 18. e4 Qe6 19. Qb3 Kh8 20. Na5 Qd7 21.
Nxc6 Qxc6 22. Qd5 Qxd5 23. exd5 b5 24. Kg2 a5 25. Kf3 a4 26. Ke4 Bd6 27. Kf5
Re8 28. Rb1 b4 29. cxb4 cxb4 30. Be1 Rb8 31. Ke6 Rb6 32. Rc1 b3 33. Rc8+ Bf8+
34. Kxe5 Kg8 35. axb3 axb3 36. d6 Kf7 37. d7 Be7 38. Bc3 Re6+ 39. Kf4 Rd6 40.
Rb8 Rxd7 41. Rxb3 Rxd3 42. Ke4 Rd1 43. Rb7 Rc1 44. Bd2 1/2-1/2

[Event "Wch Juvenil 2013 sub-14"]
[Site "Al-Ain UAE"]
[Date "2013.12.21"]
[Round "4.36"]
[White "Markocic, Tine"]
[Black "Marek, Matyas"]
[Result "1/2-1/2"]
[WhiteElo "1853"]
[BlackElo "2055"]
[PlyCount "30"]
[EventDate "2013.12.19"]
[EventType "swiss"]
[EventRounds "11"]
[EventCountry "UAE"]
[Source "lmi"]
[SourceDate "2013.12.19"]

1. e4 c5 2. Nf3 d6 3. d4 cxd4 4. Nxd4 Nf6 5. Nc3 a6 6. Bc4 e6 7. O-O b5 8. Bb3
b4 9. Na4 Nxe4 10. Re1 d5 11. Bf4 Bd7 12. Nf5 Bc6 13. Nd4 Bd7 14. Nf5 Bc6 15.
Nd4 Bd7 1/2-1/2

[Event "Wch Juvenil 2013 sub-14"]
[Site "Al-Ain UAE"]
[Date "2013.12.21"]
[Round "4.37"]
[White "Graif, William"]
[Black "Fedotov, Nikita"]
[Result "1-0"]
[WhiteElo "1851"]
[BlackElo "2045"]
[PlyCount "83"]
[EventDate "2013.12.19"]
[EventType "swiss"]
[EventRounds "11"]
[EventCountry "UAE"]
[Source "lmi"]
[SourceDate "2013.12.19"]

1. e4 c5 2. Nf3 d6 3. d4 cxd4 4. Nxd4 Nf6 5. Nc3 a6 6. Bg5 Nbd7 7. f4 Qc7 8.
Qf3 h6 9. Bxf6 Nxf6 10. Nd5 Nxd5 11. exd5 g6 12. O-O-O Bg7 13. g4 O-O 14. h4
Qb6 15. c3 Qa5 16. Kb1 f5 17. gxf5 Bxf5+ 18. Nxf5 Rxf5 19. Bd3 Rf6 20. Rhg1 Qa4
21. Rxg6 Rxg6 22. Bxg6 Rf8 23. Rf1 Rf6 24. Bc2 Qc4 25. Bd3 Qa4 26. Qg4 Qe8 27.
Qg2 Qf7 28. Qe4 e5 29. dxe6 Qe7 30. Qh7+ Kf8 31. f5 b5 32. Rg1 d5 33. Bc2 Qa7
34. Rg2 Qb7 35. Bb3 a5 36. a3 b4 37. axb4 axb4 38. cxb4 Qa7 39. Bxd5 Qe7 40.
Rxg7 Qxg7 41. Qxg7+ Kxg7 42. e7 1-0

[Event "Wch Juvenil 2013 sub-14"]
[Site "Al-Ain UAE"]
[Date "2013.12.21"]
[Round "4.38"]
[White "Kololli, Martin"]
[Black "Licheli, Luka"]
[Result "1/2-1/2"]
[WhiteElo "2045"]
[BlackElo "1759"]
[PlyCount "105"]
[EventDate "2013.12.19"]
[EventType "swiss"]
[EventRounds "11"]
[EventCountry "UAE"]
[Source "lmi"]
[SourceDate "2013.12.19"]

1. e4 c6 2. c4 d5 3. exd5 cxd5 4. cxd5 Nf6 5. Nc3 Nxd5 6. Bc4 Nb6 7. Bb3 Nc6 8.
Nf3 Bf5 9. d4 e6 10. O-O Be7 11. Bf4 Nb4 12. a3 N4d5 13. Nxd5 Nxd5 14. Ba4+ Kf8
15. Bg3 h5 16. h3 h4 17. Bh2 f6 18. Bb3 Kf7 19. Nd2 Bd6 20. Bxd6 Qxd6 21. Qf3
Rad8 22. Rfe1 Rh6 23. Nf1 g6 24. Ne3 Nxe3 25. fxe3 Qg3 26. Qxg3 hxg3 27. e4
Bxh3 28. gxh3 Rxh3 29. d5 exd5 30. Bxd5+ Ke7 31. Kg2 Rdh8 32. Rh1 Rh2+ 33. Rxh2
Rxh2+ 34. Kxg3 Rxb2 35. Rd1 b5 36. Rd3 b4 37. axb4 Rxb4 38. Ra3 f5 39. e5 Rb5
40. Rd3 g5 41. Kf3 a5 42. Ke3 Rb4 43. Rb3 Rxb3+ 44. Bxb3 Kd7 45. e6+ Ke7 46.
Ba2 a4 47. Bc4 a3 48. Ba2 g4 49. Kf4 Kf6 50. Bb3 Ke7 51. Kg3 Kf6 52. Kh4 Ke7
53. Kg3 1/2-1/2

[Event "Wch Juvenil 2013 sub-14"]
[Site "Al-Ain UAE"]
[Date "2013.12.21"]
[Round "4.39"]
[White "Isaev, Chingys"]
[Black "Mousseri, Daniel"]
[Result "1/2-1/2"]
[WhiteElo "1834"]
[BlackElo "2043"]
[PlyCount "94"]
[EventDate "2013.12.19"]
[EventType "swiss"]
[EventRounds "11"]
[EventCountry "UAE"]
[Source "lmi"]
[SourceDate "2013.12.19"]

1. d4 Nf6 2. c4 g6 3. Nc3 Bg7 4. e4 d6 5. f3 O-O 6. Bg5 Nc6 7. Nge2 a6 8. Qd2
Rb8 9. d5 Ne5 10. Nd4 c5 11. Nc2 Re8 12. Be2 h5 13. O-O Qc7 14. Rab1 Qa5 15. a3
Qb6 16. Be3 Qc7 17. Rfc1 Bd7 18. h3 b5 19. b3 bxc4 20. bxc4 Rxb1 21. Rxb1 Bc8
22. f4 Ned7 23. Qd3 Bb7 24. g4 hxg4 25. hxg4 Rb8 26. g5 Ne8 27. Nd1 Bc8 28. Rb3
Rb6 29. Bd2 Qb8 30. Rxb6 Qxb6 31. Bc3 Qb3 32. Bxg7 Qxd3 33. Bxd3 Nxg7 34. Kf2
Nb6 35. Nc3 Bd7 36. e5 Bf5 37. Ke2 Nh5 38. Bxf5 gxf5 39. exd6 exd6 40. Ne3
Nxf4+ 41. Kf3 Nd3 42. Nxf5 Ne5+ 43. Ke4 Nexc4 44. Kd3 Kh7 45. Ne4 Nxa3 46.
Nfxd6 Nxd5 47. Nxc5 Kg6 1/2-1/2

[Event "Wch Juvenil 2013 sub-14"]
[Site "Al-Ain UAE"]
[Date "2013.12.21"]
[Round "4.40"]
[White "Zisiadis, Dimitrios"]
[Black "Spacek, Oliver"]
[Result "1-0"]
[WhiteElo "1827"]
[BlackElo "2041"]
[PlyCount "41"]
[EventDate "2013.12.19"]
[EventType "swiss"]
[EventRounds "11"]
[EventCountry "UAE"]
[Source "lmi"]
[SourceDate "2013.12.19"]

1. d4 Nf6 2. c4 c5 3. Nf3 cxd4 4. Nxd4 e5 5. Nc2 b5 6. e4 Bb7 7. f3 bxc4 8. Nc3
d5 9. exd5 Bxd5 10. Ne3 Bb4 11. Qa4+ Nc6 12. Bxc4 Rc8 13. Ba6 Rc7 14. O-O O-O
15. Rd1 Bc5 16. Kh1 Nd4 17. Nexd5 Nxd5 18. Nxd5 Qxd5 19. Be3 Rb8 20. Rac1 Rd7
21. Rxc5 1-0

[Event "Wch Juvenil 2013 sub-14"]
[Site "Al-Ain UAE"]
[Date "2013.12.21"]
[Round "4.42"]
[White "Isakzhanov, Aibek"]
[Black "Mesaros, Florian"]
[Result "0-1"]
[WhiteElo "1807"]
[BlackElo "2196"]
[PlyCount "46"]
[EventDate "2013.12.19"]
[EventType "swiss"]
[EventRounds "11"]
[EventCountry "UAE"]
[Source "lmi"]
[SourceDate "2013.12.19"]

1. e4 c5 2. d4 cxd4 3. c3 dxc3 4. Nxc3 d6 5. Bc4 Nc6 6. Nf3 a6 7. O-O Nf6 8.
Qe2 e6 9. Rd1 Qc7 10. Bf4 Ne5 11. Bxe5 dxe5 12. Rac1 Qb8 13. Na4 b5 14. Bxb5+
axb5 15. Rxc8+ Qxc8 16. Nb6 Qc6 17. Nxa8 Bd6 18. Qe3 Ke7 19. Rxd6 Qxd6 20. Qa7+
Nd7 21. g3 Rc8 22. a4 bxa4 23. Qxa4 Qc6 0-1

[Event "Wch Juvenil 2013 sub-14"]
[Site "Al-Ain UAE"]
[Date "2013.12.21"]
[Round "4.43"]
[White "Baterdene, Tsogbayar"]
[Black "Perske, Thore"]
[Result "1/2-1/2"]
[WhiteElo "1816"]
[BlackElo "2164"]
[PlyCount "147"]
[EventDate "2013.12.19"]
[EventType "swiss"]
[EventRounds "11"]
[EventCountry "UAE"]
[Source "lmi"]
[SourceDate "2013.12.19"]

1. e4 e6 2. d4 d5 3. Nd2 c5 4. exd5 Qxd5 5. Ngf3 cxd4 6. Bc4 Qd6 7. O-O Nf6 8.
Nb3 Nc6 9. Nbxd4 Nxd4 10. Nxd4 a6 11. Bb3 Bd7 12. Re1 O-O-O 13. c3 Qc7 14. Qe2
Bd6 15. h3 h6 16. Bc2 Kb8 17. Bd2 e5 18. Nf5 Bb5 19. Qd1 Bc5 20. Qc1 Bd3 21.
Bxd3 Rxd3 22. b4 Rhd8 23. bxc5 Rxd2 24. Nd6 Rd5 25. Rb1 b5 26. Qe3 Rxc5 27.
Nxf7 Rxc3 28. Qxe5 Qxe5 29. Nxe5 Rd4 30. Nf3 Rdc4 31. Re7 Rc7 32. Rxc7 Kxc7 33.
Nd4 Kb6 34. Nf5 a5 35. Nxg7 b4 36. Nf5 Kc5 37. g4 Ne4 38. Ne3 a4 39. Rb2 b3 40.
axb3 axb3 41. Kf1 Rc1+ 42. Ke2 Kb4 43. f3 Nc5 44. Kd2 Rh1 45. Nc2+ Kc4 46. Ne3+
Kb5 47. Kc3 Na4+ 48. Kxb3 Nxb2 49. Kxb2 Rxh3 50. Nf5 Kc4 51. Kc2 Rh2+ 52. Kd1
Kd5 53. Ke1 Ke5 54. Kf1 h5 55. Kg1 Ra2 56. Nh4 hxg4 57. fxg4 Kf4 58. Ng2+ Kg3
59. Ne1 Kxg4 60. Kf1 Kf4 61. Ng2+ Kg3 62. Ne1 Rf2+ 63. Kg1 Rf8 64. Nd3 Kf3 65.
Ne1+ Ke2 66. Ng2 Rh8 67. Nf4+ Kf3 68. Nd3 Re8 69. Kf1 Re3 70. Ne1+ Kg3 71. Ng2
Rf3+ 72. Kg1 Ra3 73. Kf1 Ra1+ 74. Ne1 1/2-1/2

[Event "Wch Juvenil 2013 sub-14"]
[Site "Al-Ain UAE"]
[Date "2013.12.21"]
[Round "4.44"]
[White "Ooi, Zhi Yang"]
[Black "Chow, Colin"]
[Result "1-0"]
[WhiteElo "1803"]
[BlackElo "2114"]
[PlyCount "67"]
[EventDate "2013.12.19"]
[EventType "swiss"]
[EventRounds "11"]
[EventCountry "UAE"]
[Source "lmi"]
[SourceDate "2013.12.19"]

1. c4 Nf6 2. Nc3 e5 3. g3 d5 4. cxd5 Nxd5 5. Bg2 Nb6 6. Nf3 Nc6 7. O-O Be7 8.
d3 O-O 9. Bd2 Re8 10. Rc1 Bg4 11. Ne4 h6 12. h3 Bh5 13. a3 f5 14. Nc5 Bxc5 15.
Rxc5 Qd6 16. b4 Rad8 17. Be3 e4 18. Nh4 Ne7 19. Bf4 Qe6 20. Bxc7 exd3 21. Bxd8
Bxe2 22. Re1 Rxd8 23. Qd2 Nc4 24. Rxc4 Qxc4 25. Rxe2 dxe2 26. Qxd8+ Kh7 27. Qd2
Nc6 28. Nxf5 Ne5 29. Ne3 Qd3 30. Qxd3+ Nxd3 31. Nc2 e1=Q+ 32. Nxe1 Nxe1 33.
Be4+ g6 34. Kf1 1-0

[Event "Wch Juvenil 2013 sub-14"]
[Site "Al-Ain UAE"]
[Date "2013.12.21"]
[Round "4.45"]
[White "Loh, Zachary"]
[Black "Dolinar, Jan"]
[Result "1-0"]
[WhiteElo "2036"]
[BlackElo "1828"]
[PlyCount "97"]
[EventDate "2013.12.19"]
[EventType "swiss"]
[EventRounds "11"]
[EventCountry "UAE"]
[Source "lmi"]
[SourceDate "2013.12.19"]

1. d4 Nf6 2. c4 c5 3. d5 b5 4. Nd2 d6 5. e4 g6 6. Ngf3 Bg7 7. Qc2 O-O 8. Be2
Nbd7 9. O-O Ne8 10. Rb1 b4 11. b3 a5 12. Bb2 a4 13. Bxg7 Nxg7 14. Rfe1 Qc7 15.
h3 e5 16. dxe6 Nxe6 17. Nf1 Ne5 18. N3d2 Nd4 19. Qd1 f5 20. f4 Nec6 21. Ne3 Be6
22. Nd5 Qb7 23. Bd3 Rae8 24. exf5 gxf5 25. Qh5 Qg7 26. Kh2 Ne7 27. Nc7 Bf7 28.
Nxe8 Bxe8 29. Qh4 Bc6 30. Qf2 Ng6 31. Bf1 Qh6 32. g3 Qg7 33. Bg2 Bd7 34. Bd5+
Kh8 35. Nf3 Nc6 36. Ng5 Nd4 37. Nf3 Nc6 38. Rbd1 Qf6 39. Re2 axb3 40. axb3 Ra8
41. Ra2 Ra3 42. Rxa3 bxa3 43. Qa2 Nb4 44. Qxa3 Ne7 45. Qa8+ Kg7 46. Qd8 Nbxd5
47. Qxd7 Qc3 48. cxd5 Qxf3 49. Qxe7+ 1-0

[Event "Wch Juvenil 2013 sub-14"]
[Site "Al-Ain UAE"]
[Date "2013.12.21"]
[Round "4.46"]
[White "Banik, Siddharth G"]
[Black "Higgs, Joshua"]
[Result "1-0"]
[WhiteElo "1978"]
[BlackElo "1824"]
[PlyCount "125"]
[EventDate "2013.12.19"]
[EventType "swiss"]
[EventRounds "11"]
[EventCountry "UAE"]
[Source "lmi"]
[SourceDate "2013.12.19"]

1. e4 e5 2. Nf3 Nc6 3. Bb5 a6 4. Ba4 Nf6 5. O-O b5 6. Bb3 Bc5 7. d3 d6 8. c3
O-O 9. Bg5 h6 10. Bh4 Re8 11. a4 Rb8 12. Nbd2 b4 13. Nc4 bxc3 14. bxc3 Be6 15.
Rb1 Ba7 16. Ne3 g5 17. Bxe6 fxe6 18. Rxb8 Nxb8 19. Bg3 Qe7 20. Qb3 Nbd7 21. Qc4
Bxe3 22. fxe3 Nc5 23. d4 exd4 24. e5 Nfe4 25. exd4 d5 26. Qe2 Nxg3 27. hxg3 Ne4
28. Qxa6 Nxg3 29. Re1 Rf8 30. Qd3 Ne4 31. Nd2 Nxd2 32. Qxd2 Qf7 33. Qe2 Qd7 34.
Qc2 Qf7 35. Qe2 Qd7 36. Ra1 Qc6 37. Qd3 Kg7 38. a5 Ra8 39. a6 Qb6 40. Kh2 c5
41. Qf1 Rf8 42. Qxf8+ Kxf8 43. a7 cxd4 44. a8=Q+ Kf7 45. Qa7+ Qxa7 46. Rxa7+
Kg6 47. cxd4 Kf5 48. Rh7 Ke4 49. Rxh6 Kxd4 50. Rxe6 Ke4 51. Kg3 Kf5 52. Re8 d4
53. Kf3 g4+ 54. Ke2 Kf4 55. e6 Kg3 56. Rg8 d3+ 57. Kxd3 Kxg2 58. Rxg4+ Kh3 59.
Rg8 Kh4 60. e7 Kh5 61. e8=Q+ Kh4 62. Qe3 Kh5 63. Qg5# 1-0

[Event "Wch Juvenil 2013 sub-14"]
[Site "Al-Ain UAE"]
[Date "2013.12.21"]
[Round "4.47"]
[White "Ahmed, Qutayba Yunis"]
[Black "Djurhuus, Eivind X"]
[Result "1/2-1/2"]
[WhiteElo "1663"]
[BlackElo "1978"]
[PlyCount "42"]
[EventDate "2013.12.19"]
[EventType "swiss"]
[EventRounds "11"]
[EventCountry "UAE"]
[Source "lmi"]
[SourceDate "2013.12.19"]

1. e4 c5 2. Nf3 d6 3. d4 cxd4 4. Nxd4 Nf6 5. Nc3 a6 6. Be2 e5 7. Nb3 Be7 8. Be3
O-O 9. g4 Be6 10. g5 Ne8 11. Qd2 a5 12. a4 Nc7 13. O-O-O Nc6 14. h4 Nb4 15. f4
f5 16. gxf6 Rxf6 17. f5 Bxb3 18. cxb3 h6 19. Rhg1 Kh8 20. Rg6 Rxg6 21. fxg6 Bf8
1/2-1/2

[Event "Wch Juvenil 2013 sub-14"]
[Site "Al-Ain UAE"]
[Date "2013.12.21"]
[Round "4.48"]
[White "Lynch, Justin"]
[Black "Abbas, Daniel"]
[Result "0-1"]
[WhiteElo "1725"]
[PlyCount "42"]
[EventDate "2013.12.19"]
[EventType "swiss"]
[EventRounds "11"]
[EventCountry "UAE"]
[Source "lmi"]
[SourceDate "2013.12.19"]
[BlackElo "1974"]

1. d4 Nf6 2. c4 e6 3. Nf3 c5 4. d5 exd5 5. cxd5 d6 6. e4 g6 7. Nc3 Bg7 8. h3
O-O 9. Bc4 Re8 10. Nd2 a6 11. a4 Nxe4 12. Ncxe4 f5 13. Bd3 fxe4 14. Nxe4 Bf5
15. Qe2 Bxe4 16. Bxe4 Qh4 17. g4 Nd7 18. Kf1 Nf6 19. f3 Nxe4 20. fxe4 Qg3 21.
Ra3 Rf8+ 0-1

[Event "Wch Juvenil 2013 sub-14"]
[Site "Al-Ain UAE"]
[Date "2013.12.21"]
[Round "4.49"]
[White "Agmanov, Zhandos"]
[Black "Ait Abbas, Yacine"]
[Result "1-0"]
[WhiteElo "1972"]
[BlackElo "1771"]
[PlyCount "73"]
[EventDate "2013.12.19"]
[EventType "swiss"]
[EventRounds "11"]
[EventCountry "UAE"]
[Source "lmi"]
[SourceDate "2013.12.19"]

1. e4 c6 2. d4 d5 3. exd5 cxd5 4. c4 Nf6 5. Nc3 e6 6. Nf3 Bb4 7. cxd5 Nxd5 8.
Bd2 Be7 9. Bd3 Nc6 10. O-O Ndb4 11. Be2 Nxd4 12. Nxd4 Qxd4 13. Nb5 Qb6 14. Bxb4
Bxb4 15. Qa4 O-O 16. Qxb4 a6 17. Qd6 Qxd6 18. Nxd6 Rd8 19. Rfd1 b5 20. Rac1 h6
21. Rc7 f6 22. Ne4 Rxd1+ 23. Bxd1 a5 24. Bf3 Rb8 25. Nd6 Ba6 26. Rc6 Ra8 27.
Rb6 Ra7 28. Nxb5 Bxb5 29. Rxb5 Rc7 30. g3 a4 31. Rb4 Ra7 32. a3 Kf7 33. Bc6 Ke7
34. Bxa4 Rc7 35. Rb6 Rc4 36. Bb3 Re4 37. a4 1-0

[Event "Wch Juvenil 2013 sub-14"]
[Site "Al-Ain UAE"]
[Date "2013.12.21"]
[Round "4.50"]
[White "Zhao, Juncheng"]
[Black "Liao, Yu Hao"]
[Result "1/2-1/2"]
[WhiteElo "1963"]
[BlackElo "1770"]
[PlyCount "51"]
[EventDate "2013.12.19"]
[EventType "swiss"]
[EventRounds "11"]
[EventCountry "UAE"]
[Source "lmi"]
[SourceDate "2013.12.19"]

1. e4 c5 2. c3 d5 3. exd5 Qxd5 4. d4 Nf6 5. Nf3 Bg4 6. Be2 e6 7. O-O Nc6 8. h3
Bh5 9. Be3 cxd4 10. cxd4 Be7 11. Nc3 Qd6 12. a3 a6 13. Qb3 O-O 14. Rfd1 Rfd8
15. Rac1 b5 16. d5 Nxd5 17. Nxd5 exd5 18. Rc5 Bg6 19. Rcxd5 Qc7 20. Qc3 Be4 21.
Rxd8+ Rxd8 22. Rxd8+ Qxd8 23. Ne5 Qd5 24. Nxc6 Qxc6 25. Qxc6 Bxc6 26. Bd4
1/2-1/2

[Event "Wch Juvenil 2013 sub-14"]
[Site "Al-Ain UAE"]
[Date "2013.12.21"]
[Round "4.51"]
[White "Le, Minh Hoang"]
[Black "Absaridze, Gigi"]
[Result "1-0"]
[WhiteElo "1927"]
[BlackElo "1726"]
[PlyCount "79"]
[EventDate "2013.12.19"]
[EventType "swiss"]
[EventRounds "11"]
[EventCountry "UAE"]
[Source "lmi"]
[SourceDate "2013.12.19"]

1. d4 d5 2. Nf3 Nf6 3. e3 e6 4. Bd3 c5 5. b3 Be7 6. Bb2 Nc6 7. O-O O-O 8. Ne5
cxd4 9. exd4 Qc7 10. a3 b6 11. f4 Ne4 12. Nd2 f6 13. Nxc6 Qxc6 14. Qe2 f5 15.
Nf3 Bd6 16. Ne5 Bxe5 17. fxe5 Qe8 18. Rf3 Bb7 19. a4 Qg6 20. Raf1 Qg4 21. Qe1
Rac8 22. Bxe4 Qxe4 23. c3 Ba6 24. Re3 Qc2 25. Qc1 Qxb3 26. Rfe1 Qxa4 27. Rg3
Qd7 28. Ba3 Rf7 29. Bb4 Bc4 30. Qg5 a5 31. Bd6 b5 32. Rh3 Qb7 33. Ree3 f4 34.
Ref3 Rf5 35. Qh4 g5 36. Qh6 Re8 37. g4 Qg7 38. gxf5 g4 39. Qxf4 Kh8 40. Rfg3
1-0

[Event "Wch Juvenil 2013 sub-14"]
[Site "Al-Ain UAE"]
[Date "2013.12.21"]
[Round "4.52"]
[White "Fidrilakis, Stavros"]
[Black "Shi, Diwen"]
[Result "0-1"]
[WhiteElo "1629"]
[BlackElo "1924"]
[PlyCount "66"]
[EventDate "2013.12.19"]
[EventType "swiss"]
[EventRounds "11"]
[EventCountry "UAE"]
[Source "lmi"]
[SourceDate "2013.12.19"]

1. d4 Nf6 2. c4 Nc6 3. Nc3 e5 4. d5 Ne7 5. e4 Ng6 6. Be3 Bb4 7. f3 Qe7 8. Qd2
O-O 9. Nge2 d6 10. h4 Nh5 11. Bg5 f6 12. Be3 f5 13. Bg5 Nf6 14. h5 Nf4 15.
O-O-O fxe4 16. fxe4 Qf7 17. Bxf6 Qxf6 18. g3 Nxe2+ 19. Bxe2 Bd7 20. Rdf1 Qe7
21. Qe3 Bc5 22. Qd2 Bf2 23. g4 a6 24. Bd1 Bh4 25. Kb1 b5 26. Qe2 Rfb8 27. c5 b4
28. Qh2 bxc3 29. Qxh4 Rxb2+ 30. Ka1 Qxh4 31. Rxh4 Bb5 32. Re1 Bd3 33. Rh3 Rb1#
0-1

[Event "Wch Juvenil 2013 sub-14"]
[Site "Al-Ain UAE"]
[Date "2013.12.21"]
[Round "4.53"]
[White "Wang, Yiou"]
[Black "Sadubayev, Airat"]
[Result "0-1"]
[WhiteElo "1889"]
[BlackElo "1706"]
[PlyCount "50"]
[EventDate "2013.12.19"]
[EventType "swiss"]
[EventRounds "11"]
[EventCountry "UAE"]
[Source "lmi"]
[SourceDate "2013.12.19"]

1. e4 c5 2. Nf3 a6 3. c4 d6 4. d4 cxd4 5. Nxd4 Nf6 6. Nc3 e6 7. Be2 Qc7 8. Be3
b6 9. O-O Bb7 10. f3 Nc6 11. Rc1 Rc8 12. Qd2 Qb8 13. Nc2 Nd7 14. Rfd1 Be7 15.
f4 O-O 16. Bf3 Rfd8 17. Na3 Ba8 18. Qf2 Nb4 19. b3 Nc5 20. Bd4 Ncd3 21. Qe3
Nxc1 22. Bxb6 Re8 23. Rxc1 d5 24. c5 dxe4 25. Nxe4 Nd5 0-1

[Event "Wch Juvenil 2013 sub-14"]
[Site "Al-Ain UAE"]
[Date "2013.12.21"]
[Round "4.54"]
[White "Lau, Jason"]
[Black "Ho, Jei-Chen"]
[Result "1/2-1/2"]
[WhiteElo "1888"]
[BlackElo "1694"]
[PlyCount "102"]
[EventDate "2013.12.19"]
[EventType "swiss"]
[EventRounds "11"]
[EventCountry "UAE"]
[Source "lmi"]
[SourceDate "2013.12.19"]

1. e4 e6 2. d4 d5 3. Nc3 Nf6 4. Bg5 dxe4 5. Nxe4 Nbd7 6. Nf3 h6 7. Nxf6+ Nxf6
8. Bh4 Be7 9. Bd3 O-O 10. O-O b6 11. c3 Bb7 12. Qe2 a5 13. Rfe1 Ra7 14. Ne5 g5
15. Bg3 Kg7 16. Bc4 Bd5 17. Bd3 Ng8 18. f4 f5 19. Qh5 Qe8 20. Qxe8 Rxe8 21. Bc4
Bxc4 22. Nxc4 Bf6 23. fxg5 hxg5 24. Be5 b5 25. Nd2 c6 26. Nf3 g4 27. Bxf6+ Nxf6
28. Ne5 Rc7 29. a4 b4 30. cxb4 axb4 31. Rac1 Rec8 32. Nd3 Ne4 33. Nxb4 c5 34.
Na6 Rc6 35. Nxc5 Nxc5 36. dxc5 Rb8 37. Re2 Kf6 38. Rc4 Rb3 39. a5 e5 40. Rec2
Ke6 41. Ra4 Kd5 42. a6 Rb8 43. b4 Rcc8 44. Ra5 Kc6 45. b5+ Rxb5 46. Rxb5 Kxb5
47. a7 Kc6 48. Rb2 Ra8 49. Ra2 Kxc5 50. Ra5+ Kd4 51. Kf2 f4 1/2-1/2

[Event "Wch Juvenil 2013 sub-14"]
[Site "Al-Ain UAE"]
[Date "2013.12.21"]
[Round "4.55"]
[White "Pitkar, Ashutosh"]
[Black "Simo, Marian"]
[Result "0-1"]
[WhiteElo "1613"]
[BlackElo "1873"]
[PlyCount "92"]
[EventDate "2013.12.19"]
[EventType "swiss"]
[EventRounds "11"]
[EventCountry "UAE"]
[Source "lmi"]
[SourceDate "2013.12.19"]

1. e4 e6 2. d4 d5 3. Nd2 dxe4 4. Nxe4 Nd7 5. Bg5 Ngf6 6. Nf3 Be7 7. Nxf6+ Bxf6
8. Bxf6 Nxf6 9. Bd3 c5 10. dxc5 Qa5+ 11. Qd2 Qxc5 12. O-O O-O 13. Rae1 b6 14.
Re5 Qc7 15. Rfe1 Bb7 16. Rg5 g6 17. Ne5 Rad8 18. Ng4 Nxg4 19. Rxg4 f5 20. Rh4
e5 21. Qh6 e4 22. Bc4+ Bd5 23. Bxd5+ Rxd5 24. Qg5 Qd8 25. Qxd8 Rfxd8 26. Rh3
Rc5 27. c3 Rd2 28. b4 Rcd5 29. a3 Ra2 30. c4 Rd3 31. Rxd3 exd3 32. f4 Rxa3 33.
Rd1 Rc3 34. c5 bxc5 35. bxc5 Kf7 36. c6 Ke6 37. Kf2 Kd6 38. Ra1 Rc2+ 39. Ke3 d2
40. Rxa7 d1=N+ 41. Kf3 Rxc6 42. Rxh7 Ke6 43. Rb7 Nc3 44. g4 Nd5 45. Ra7 Rc3+
46. Kf2 fxg4 0-1